|
|
|
|
| LEADER |
00000nam0a2200000 4500 |
| 001 |
263517 |
| 005 |
20231101233739.0 |
| 020 |
|
|
|a RU
|b 88-32191
|
| 035 |
|
|
|a (RuTPU)RU\TPU\book\286502
|
| 090 |
|
|
|a 263517
|
| 100 |
|
|
|a 20140609d1988 k y0rusy5003 ca
|
| 101 |
0 |
|
|a rus
|
| 102 |
|
|
|a RU
|
| 105 |
|
|
|a y z 101zy
|
| 200 |
1 |
|
|a Минералообразование из вскипающих растворов
|e тезисы докладов IV сессии Северо-Кавказского отделения ВМО АН СССР, Терскол, апрель 1988 г.
|f Ростовский государственный университет ; Пермский политехнический институт (ППИ)
|
| 210 |
|
|
|a Пермь
|c ППИ
|d 1988
|
| 215 |
|
|
|a 116 с.
|d 20 см
|
| 606 |
1 |
|
|a Минералы
|x Генезис
|x (минералогия)
|2 stltpush
|3 (RuTPU)RU\TPU\subj\43986
|9 63387
|
| 610 |
1 |
|
|a вскипающие растворы
|
| 610 |
1 |
|
|a рудообразование
|
| 610 |
1 |
|
|a гетерогенные системы
|
| 610 |
1 |
|
|a газо-жидкостные смеси
|
| 610 |
1 |
|
|a минералы
|
| 610 |
1 |
|
|a типоморфизм
|
| 610 |
1 |
|
|a состав
|
| 610 |
1 |
|
|a сессии
|
| 610 |
1 |
|
|a минералообразование
|
| 675 |
|
|
|a 549.01(063)
|z rus
|v 3
|
| 712 |
0 |
2 |
|a Ростовский государственный университет
|2 stltpush
|3 (RuTPU)RU\TPU\col\3289
|
| 712 |
0 |
2 |
|a Пермский политехнический институт (ППИ)
|c (1960-1992)
|2 stltpush
|3 (RuTPU)RU\TPU\col\7911
|
| 712 |
1 |
2 |
|a Минералообразование из вскипающих растворов
|b сессия ВМО АН СССР
|d 4
|e Терскол
|f 1988
|
| 801 |
|
0 |
|a RU
|b RuMRKP
|c 19960705
|g psbo
|
| 801 |
|
1 |
|a RU
|b 63413507
|c 20140609
|
| 801 |
|
2 |
|a RU
|b 63413507
|c 20220727
|g RCR
|
| 942 |
|
|
|c BK
|